Meilleurs personnages de Game of Thrones - Statistiques

Statistiques générales
  • Ce quiz a été pris 52 fois
  • Le résultat moyen est 22 sur 30
Statistiques - réponses
Hint Réponse % Correct
2 Jon Snow
100%
1 Tyrion Lannister
95%
4 Arya Stark
91%
6 Cersei Lannister
89%
17 Daenerys Targaryen
89%
5 Jaime Lannister
89%
18 Sansa Stark
89%
12 Eddard Stark
86%
23 Robb Stark
86%
25 Bran Stark
84%
3 Tywin Lannister
84%
13 Varys
82%
24 Catelyn Stark
80%
8 Petyr Baelish
80%
14 Joffrey Baratheon
75%
11 Jorah Mormont
75%
7 Sandor Clegane
75%
10 Brienne
68%
9 Samwell Tarly
68%
20 Theon Greyjoy
68%
19 Stannis Baratheon
66%
15 Bronn
64%
26 Robert Baratheon
64%
28 Olenna Tyrell
61%
22 Oberyn Martell
55%
29 Tormund
52%
16 Davos Mervault
45%
27 Melisandre
45%
21 Ramsey Bolton
45%
30 Mestre Luwin
5%
Aucun quiz correspondant
Distribution des résultats
% des personnes avec chaque résultat
Percentile par nombre de réponses
Votre historique - résultats
Vous n’avez pas pris ce quiz